[Event "XXVII Festival Conca della Presolana A"]
[Site "Bratto - Castione della Presolana ITA"]
[Date "2007.08.25"]
[Round "3"]
[White "Shytaj, Luca"]
[Black "Pepino, Enrico"]
[Result "1-0"]
[WhiteElo "2451"]
[BlackElo "2153"]
[PlyCount "71"]
[EventDate "2007.08.23"]

1. e4 c5 2. Nf3 d6 3. Bb5+ Nc6 4. c3 a6 5. Bxc6+ bxc6 6. d4 cxd4 7. cxd4 Nf6 8.
Nc3 e6 9. O-O Be7 10. Bg5 h6 11. Bh4 g5 12. Bg3 Nh5 13. Nd2 Nxg3 14. fxg3 h5
15. Nc4 a5 16. Rf2 Qc7 17. Rc1 Ba6 18. Qa4 O-O 19. Ne3 Kg7 20. Qd1 Rh8 21. Qf3
Raf8 22. Ncd5 Qd8 23. Nxe7 Qxe7 24. e5 dxe5 25. dxe5 Rc8 26. Nf1 c5 27. Nd2 Bb7
28. Qe3 Bd5 29. Rf6 g4 30. Rcf1 Rc7 31. b3 a4 32. bxa4 c4 33. Nb1 Kg8 34. Nc3
Rh7 35. Kh1 Qa3 36. Nxd5 1-0

[Event "XXVII Festival Conca della Presolana A"]
[Site "Bratto - Castione della Presolana ITA"]
[Date "2007.08.25"]
[Round "3"]
[White "Stella, Andrea"]
[Black "Vancini, Edoardo"]
[Result "1/2-1/2"]
[WhiteElo "2132"]
[BlackElo "2308"]
[PlyCount "167"]
[EventDate "2007.08.23"]

1. d4 Nf6 2. c4 c5 3. d5 e6 4. Nc3 exd5 5. cxd5 d6 6. e4 g6 7. Bd3 Bg7 8. Nf3
O-O 9. h3 Nbd7 10. O-O Nh5 11. Bg5 Bf6 12. Bh6 Re8 13. Re1 a6 14. a4 b6 15. Nd2
Bg5 16. Bxg5 Qxg5 17. Nf3 Qf6 18. Bf1 Rb8 19. Re3 Qf4 20. Qd2 Ndf6 21. Rae1 Nd7
22. g3 Qh6 23. Nh2 Ndf6 24. f4 Ng7 25. Qg2 Bb7 26. Bd3 Rbd8 27. Kf2 Re7 28. b3
Nge8 29. Ng4 Nxg4+ 30. hxg4 Nf6 31. Be2 g5 32. Rh1 Qg7 33. Qh3 Rde8 34. Bf3
Nxd5 35. Nxd5 Bxd5 36. Qh6 Bxe4 37. Qxd6 Qd4 38. Qxd4 cxd4 39. Rxe4 Rxe4 40.
Bxe4 Rxe4 41. fxg5 Kg7 42. Rd1 Kg6 43. Kf3 Re3+ 44. Kf4 Rxb3 45. Rxd4 Kg7 46.
Rd6 a5 47. Rc6 Kf8 48. Rh6 Ke8 49. Rf6 Ke7 50. Rh6 Rb4+ 51. Kf5 Ke8 52. Rf6 Rb1
53. Rh6 Rb4 54. Rf6 Kf8 55. Rh6 Kg7 56. Rc6 Rb1 57. Rd6 Rf1+ 58. Ke4 Re1+ 59.
Kf5 Re6 60. Rd8 Rc6 61. Rb8 h6 62. gxh6+ Rxh6 63. g5 Rc6 64. g4 Rc5+ 65. Kf4
Rc4+ 66. Kf5 Rxa4 67. Rxb6 Ra1 68. Ra6 Rf1+ 69. Ke4 Ra1 70. Kf5 a4 71. Ra7 Rf1+
72. Ke4 Ra1 73. Kf5 Rf1+ 74. Ke4 Kg6 75. Rxa4 Kxg5 76. Ke3 Kh4 77. Rf4 Re1+ 78.
Kf2 Re7 79. Kf3 Kg5 80. Rf5+ Kg6 81. Ra5 Rb7 82. Ra6+ Kg5 83. Ra5+ Kg6 84. Ra6+
1/2-1/2

[Event "XXVII Festival Conca della Presolana A"]
[Site "Bratto - Castione della Presolana ITA"]
[Date "2007.08.25"]
[Round "3"]
[White "Stips, Felix"]
[Black "Spassov, Liuben D."]
[Result "0-1"]
[WhiteElo "2041"]
[BlackElo "2383"]
[PlyCount "74"]
[EventDate "2007.08.23"]

1. e4 c5 2. Na3 e6 3. Nf3 a6 4. c3 b5 5. d4 cxd4 6. cxd4 Nf6 7. Bd3 Bb7 8. Qe2
Bb4+ 9. Bd2 Bxd2+ 10. Nxd2 d6 11. O-O O-O 12. Nc2 Nc6 13. Rac1 Qb6 14. Nf3 e5
15. dxe5 Nxe5 16. Nxe5 dxe5 17. Ne3 g6 18. f3 Rad8 19. Rfd1 Nh5 20. Bc2 Nf4 21.
Qf2 h5 22. Kf1 Rd4 23. g3 Nh3 24. Qe2 Rfd8 25. Kg2 Ng5 26. h4 Ne6 27. Bb3 Rxd1
28. Rxd1 Nd4 29. Qd3 Qf6 30. Nc2 Ne6 31. Bd5 Bxd5 32. exd5 Nd4 33. Qe4 Nf5 34.
Re1 Rc8 35. Qd3 e4 36. fxe4 Qxb2 37. Re2 Rxc2 0-1

[Event "XXVII Festival Conca della Presolana A"]
[Site "Bratto - Castione della Presolana ITA"]
[Date "2007.08.25"]
[Round "3"]
[White "Tatai, Stefano"]
[Black "Bagaturov, Giorgi"]
[Result "1/2-1/2"]
[WhiteElo "2334"]
[BlackElo "2474"]
[PlyCount "70"]
[EventDate "2007.08.23"]

1. e4 c5 2. Nf3 Nc6 3. Bb5 g6 4. Bxc6 dxc6 5. d3 Bg7 6. O-O Nf6 7. Nc3 Nd7 8.
Be3 e5 9. Qd2 Qe7 10. Bh6 O-O 11. Ne1 Rd8 12. Bxg7 Kxg7 13. f4 c4 14. f5 f6 15.
Qf2 cxd3 16. Nxd3 b6 17. Rfd1 Ba6 18. Rd2 Bxd3 19. Rxd3 Nc5 20. Rh3 g5 21. b4
Nd7 22. a3 Nf8 23. Qe2 Rd4 24. Rd1 a5 25. b5 Qc5 26. Kf1 Rad8 27. Rdd3 cxb5 28.
Nd5 R8xd5 29. exd5 Rf4+ 30. Rdf3 Rc4 31. Rd3 Rxc2 32. Rd2 Rc1+ 33. Rd1 Rc2 34.
Rd2 Rc1+ 35. Rd1 Rc2 1/2-1/2

[Event "XXVII Festival Conca della Presolana A"]
[Site "Bratto - Castione della Presolana ITA"]
[Date "2007.08.25"]
[Round "3"]
[White "Tocchioni, Doriano"]
[Black "Erturan, Yakup"]
[Result "0-1"]
[WhiteElo "2261"]
[BlackElo "2389"]
[PlyCount "154"]
[EventDate "2007.08.23"]

1. Nf3 d6 2. d4 Nf6 3. Bg5 Nbd7 4. Nbd2 h6 5. Bxf6 Nxf6 6. e4 g6 7. c3 Bg7 8.
Qc2 c6 9. h3 Nh5 10. g3 O-O 11. Be2 Be6 12. Nh4 Nf6 13. f4 b5 14. g4 Bd7 15.
Ng2 c5 16. d5 Ne8 17. h4 e6 18. dxe6 fxe6 19. O-O-O Nc7 20. e5 dxe5 21. Qxg6
Qe8 22. Qxe8 Raxe8 23. f5 exf5 24. gxf5 Bxf5 25. Ne3 Bh7 26. Nb3 c4 27. Nc5 Re7
28. a4 a6 29. Nd5 Nxd5 30. Rxd5 Kh8 31. Re1 Rc8 32. Nxa6 bxa4 33. Red1 Ree8 34.
Ra5 Bf6 35. Rh1 Be4 36. Rh2 Rg8 37. Rxa4 Rg1+ 38. Kd2 Bd5 39. Nb4 Bg8 40. Ra6
Bg7 41. Nc6 Rc7 42. Ke3 Rg3+ 43. Kf2 Rg6 44. Nb4 Rf7+ 45. Ke3 Rg3+ 46. Kd2 e4
47. Ra8 Rf8 48. Rxf8 Bxf8 49. Nc2 Bc5 50. Nd4 e3+ 51. Ke1 Bxd4 52. cxd4 Rg1+
53. Bf1 Bh7 54. Ke2 Bd3+ 55. Kxe3 Rxf1 56. b3 Rb1 57. bxc4 Bxc4 58. Rc2 Bf7 59.
Rd2 Bd5 60. Kf4 Re1 61. Kf5 Kg7 62. h5 Rh1 63. Ke5 Rxh5+ 64. Kd6 Rg5 65. Re2 h5
66. Re5 Rxe5 67. Kxe5 h4 68. Kf4 Be6 69. d5 Bd7 70. Kf3 Kf6 71. Kg2 Ke5 72. Kh2
Kxd5 73. Kg2 Ke4 74. Kf2 Kf4 75. Kg2 Ke3 76. Kg1 Kf3 77. Kh2 Be6 0-1

[Event "XXVII Festival Conca della Presolana A"]
[Site "Bratto - Castione della Presolana ITA"]
[Date "2007.08.25"]
[Round "3"]
[White "Valsecchi, Alessio"]
[Black "Campomori, Bruno"]
[Result "1-0"]
[WhiteElo "2175"]
[BlackElo "2043"]
[PlyCount "59"]
[EventDate "2007.08.23"]

1. e4 c5 2. Nf3 d6 3. d4 cxd4 4. Nxd4 Nf6 5. Nc3 a6 6. Bc4 e6 7. Bb3 b5 8. O-O
Bb7 9. Re1 Nc6 10. Nxc6 Bxc6 11. Nd5 Bb7 12. Nf4 Nxe4 13. Be3 Qf6 14. a4 Be7
15. axb5 axb5 16. Rxa8+ Bxa8 17. Qh5 Bc6 18. f3 g6 19. Qh3 Nc5 20. Bd5 Bd7 21.
Qg3 O-O 22. c3 Qh4 23. Ba2 Qxg3 24. hxg3 Ra8 25. Bb1 Bf6 26. Rd1 Ra1 27. Kf2
Kf8 28. Rxd6 Rxb1 29. Bxc5 Rxb2+ 30. Rd2+ 1-0

[Event "XXVII Festival Conca della Presolana A"]
[Site "Bratto - Castione della Presolana ITA"]
[Date "2007.08.25"]
[Round "3"]
[White "Vezzosi, Paolo"]
[Black "Sax, Gyula"]
[Result "1/2-1/2"]
[WhiteElo "2302"]
[BlackElo "2522"]
[PlyCount "36"]
[EventDate "2007.08.23"]

1. Nf3 Nf6 2. d4 e6 3. Bf4 c5 4. e3 Nc6 5. Nc3 cxd4 6. exd4 Bb4 7. Bd3 Nd5 8.
Bd2 Nxc3 9. bxc3 Be7 10. h4 h6 11. Qe2 d5 12. h5 Qc7 13. O-O Bd7 14. Rab1 Bd6
15. Rfe1 Na5 16. Ne5 Bxe5 17. dxe5 O-O-O 18. Qg4 Nc4 1/2-1/2

[Event "XXVII Festival Conca della Presolana A"]
[Site "Bratto - Castione della Presolana ITA"]
[Date "2007.08.25"]
[Round "3"]
[White "Wall, Gavin"]
[Black "Cardili, Mariano"]
[Result "1-0"]
[WhiteElo "2328"]
[BlackElo "2094"]
[PlyCount "53"]
[EventDate "2007.08.23"]

1. e4 e6 2. d4 d5 3. e5 c5 4. c3 Nc6 5. Nf3 Bd7 6. dxc5 Bxc5 7. b4 Bb6 8. Bd3
Qc7 9. Bf4 Nf6 10. Qe2 Ng4 11. b5 Ne7 12. O-O Ng6 13. Bg3 Rc8 14. Rc1 O-O 15.
h3 Nh6 16. Kh1 Ne7 17. Nbd2 Nhf5 18. Bh2 Qb8 19. a4 Bc5 20. c4 Nd4 21. Nxd4
Bxd4 22. Rab1 Bc5 23. cxd5 Nxd5 24. Ne4 Be7 25. Nf6+ Nxf6 26. exf6 Bd6 27.
Bxh7+ 1-0

[Event "XXVII Festival Conca della Presolana A"]
[Site "Bratto - Castione della Presolana ITA"]
[Date "2007.08.25"]
[Round "3"]
[White "Zoldan, Matteo"]
[Black "Guido, Flavio"]
[Result "1/2-1/2"]
[WhiteElo "2128"]
[BlackElo "2331"]
[PlyCount "97"]
[EventDate "2007.08.23"]

1. e4 c5 2. Nf3 e6 3. d4 cxd4 4. Nxd4 Nf6 5. Nc3 d6 6. f3 a6 7. Be3 b5 8. g4
Nfd7 9. Qd2 Nb6 10. O-O-O N8d7 11. Qf2 Bb7 12. Bd3 Rc8 13. Nce2 Qc7 14. Kb1 d5
15. e5 Nxe5 16. Nxe6 fxe6 17. Bxb6 Nxd3 18. cxd3 Qd7 19. Bd4 Bd6 20. f4 O-O 21.
Qe3 b4 22. Rc1 a5 23. Rxc8 Bxc8 24. Rc1 Ba6 25. Bc5 h6 26. Bxd6 Qxd6 27. Re1
Kh8 28. h4 a4 29. g5 h5 30. Qf3 g6 31. Qe3 a3 32. b3 Kg8 33. Kc2 Rf5 34. Kd2 e5
35. fxe5 Rxe5 36. Qd4 Qe7 37. Qb6 Re6 38. Qb8+ Kh7 39. Qf4 d4 40. Qf2 Re3 41.
Nc1 Qc7 42. Rxe3 dxe3+ 43. Qxe3 Qc3+ 44. Kd1 Bc8 45. Qe7+ Kg8 46. Qe8+ Kg7 47.
Qe7+ Kg8 48. Qe8+ Kg7 49. Qe7+ 1/2-1/2

[Event "XXVII Festival Conca della Presolana A"]
[Site "Bratto - Castione della Presolana ITA"]
[Date "2007.08.26"]
[Round "4"]
[White "Bagaturov, Giorgi"]
[Black "Cugini, Verter"]
[Result "1-0"]
[WhiteElo "2474"]
[BlackElo "2199"]
[PlyCount "57"]
[EventDate "2007.08.23"]

1. d4 d6 2. e4 Nf6 3. Nc3 g6 4. f4 Bg7 5. Nf3 O-O 6. Bd3 c6 7. O-O b5 8. a3 d5
9. e5 Ne8 10. h3 f5 11. exf6 exf6 12. f5 Bxf5 13. Bxf5 gxf5 14. Nh4 Na6 15.
Nxf5 Nac7 16. Qg4 Kh8 17. Re1 Rf7 18. Bf4 Bf8 19. Re3 Ng7 20. Nh6 Re7 21. Rae1
Rd7 22. Ne2 Nce8 23. Ng3 Nd6 24. Bxd6 Bxd6 25. Ngf5 Qf8 26. Nxd6 Rxd6 27. Re7
f5 28. Qxg7+ Qxg7 29. Re8+ 1-0

[Event "XXVII Festival Conca della Presolana A"]
[Site "Bratto - Castione della Presolana ITA"]
[Date "2007.08.26"]
[Round "4"]
[White "Bassis, Ivano"]
[Black "Andreoli, Renato"]
[Result "1/2-1/2"]
[WhiteElo "2026"]
[BlackElo "2145"]
[PlyCount "59"]
[EventDate "2007.08.23"]

1. e4 e5 2. Nf3 Nc6 3. Bb5 Nf6 4. O-O Nxe4 5. d4 Be7 6. Re1 Nd6 7. Bxc6 dxc6 8.
dxe5 Nf5 9. Qxd8+ Bxd8 10. Nc3 Be6 11. b3 Be7 12. Bb2 O-O 13. Rad1 Rad8 14. Ne4
h6 15. a4 a5 16. h3 b6 17. Kf1 Bb4 18. Bc3 Bd5 19. Bxb4 axb4 20. Ned2 Ne7 21.
Nd4 Ng6 22. e6 fxe6 23. Nxe6 Bxe6 24. Rxe6 Nf4 25. Rxc6 Rd7 26. Rc4 g5 27. Rxb4
Nd5 28. Nf3 Ne3+ 29. fxe3 Rxd1+ 30. Ke2 1/2-1/2

[Event "XXVII Festival Conca della Presolana A"]
[Site "Bratto - Castione della Presolana ITA"]
[Date "2007.08.26"]
[Round "4"]
[White "Bellia, Fabrizio"]
[Black "Chkhaidze, Nikoloz"]
[Result "1/2-1/2"]
[WhiteElo "2405"]
[BlackElo "2183"]
[PlyCount "90"]
[EventDate "2007.08.23"]

1. e4 c6 2. d4 d5 3. e5 c5 4. Nf3 Nc6 5. c4 Bg4 6. cxd5 Qxd5 7. Nc3 Bxf3 8.
gxf3 Qxd4 9. Be3 Qxe5 10. Qb3 O-O-O 11. f4 Qf5 12. Bg2 Nf6 13. Qxf7 Rd7 14. Qc4
e5 15. O-O exf4 16. Qxf4 Qxf4 17. Bxf4 Bd6 18. Be3 Kb8 19. Bh3 Rdd8 20. Nb5 Nd4
21. Nxd6 Rxd6 22. Kh1 Nd5 23. Rad1 Rhd8 24. Bxd4 Nc7 25. Rfe1 cxd4 26. Re7 Ne8
27. Rd2 h6 28. f4 g5 29. fxg5 hxg5 30. Kg1 Nf6 31. Kf2 Nd5 32. Re5 Nf4 33. Bf1
Rf8 34. Ke1 Re6 35. Rxe6 Nxe6 36. Re2 Rf6 37. Re5 Kc7 38. Bc4 Kd7 39. Kd2 Nf4
40. Rxg5 Rh6 41. Rg4 Rxh2+ 42. Kd1 Ne6 43. Re4 Rh6 44. Kd2 Rh2+ 45. Kd1 Rh6
1/2-1/2

[Event "XXVII Festival Conca della Presolana A"]
[Site "Bratto - Castione della Presolana ITA"]
[Date "2007.08.26"]
[Round "4"]
[White "Bonafede, Alessandro"]
[Black "Stella, Andrea"]
[Result "1/2-1/2"]
[WhiteElo "2234"]
[BlackElo "2132"]
[PlyCount "41"]
[EventDate "2007.08.23"]

1. e4 e6 2. d4 d5 3. e5 c5 4. c3 Nc6 5. Nf3 Qb6 6. a3 Nh6 7. b4 cxd4 8. cxd4
Nf5 9. Be3 f6 10. exf6 gxf6 11. Nc3 Nxe3 12. fxe3 Bh6 13. Qd2 O-O 14. Bd3 Kh8
15. Qf2 Qc7 16. Rc1 Qg7 17. O-O Ne7 18. Rce1 e5 19. e4 dxe4 20. Bxe4 f5 21. Bd5
1/2-1/2

[Event "XXVII Festival Conca della Presolana A"]
[Site "Bratto - Castione della Presolana ITA"]
[Date "2007.08.26"]
[Round "4"]
[White "Bonazzi, Edoardo"]
[Black "Piemonti, Carlo"]
[Result "1/2-1/2"]
[WhiteElo "2185"]
[BlackElo "2029"]
[PlyCount "127"]
[EventDate "2007.08.23"]

1. Nf3 Nf6 2. c4 b6 3. g3 Bb7 4. Bg2 c5 5. O-O g6 6. Nc3 Bg7 7. d4 cxd4 8. Qxd4
d6 9. Rd1 O-O 10. Qh4 Nbd7 11. Be3 a6 12. Rac1 Rc8 13. b3 Nc5 14. Bh3 Rc7 15.
Ne1 Bc8 16. b4 Ncd7 17. Nd5 Nxd5 18. cxd5 Bf6 19. Qe4 Bb2 20. Rxc7 Qxc7 21.
Qxe7 Bf6 22. Qe4 b5 23. Rc1 Qb7 24. Rc6 Ne5 25. Bxc8 Rxc8 26. Rxc8+ Qxc8 27.
Qc2 Qc4 28. Qxc4 Nxc4 29. Bf4 Nb6 30. e4 Nc4 31. Kf1 Bc3 32. Nd3 Nd2+ 33. Bxd2
Bxd2 34. Ke2 Bc3 35. Kd1 f5 36. Kc2 Bd4 37. exf5 gxf5 38. Kd2 Kf7 39. Ke2 Kf6
40. Kf3 Bc3 41. h3 h5 42. Ke3 Kg5 43. f3 Kf6 44. Ke2 Kg5 45. Kd1 Bd4 46. Kd2
Bg1 47. Ke2 Bd4 48. Kd2 Bg1 49. Nf4 Bf2 50. Ne6+ Kf6 51. g4 fxg4 52. fxg4 hxg4
53. hxg4 Ke5 54. Nc7 Bb6 55. Nxa6 Kxd5 56. Nb8 Bc7 57. Nd7 Ke6 58. Nf8+ Kf7 59.
Nh7 Bd8 60. g5 Kg7 61. Nf6 Bxf6 62. gxf6+ Kxf6 63. Kc3 Ke5 64. Kb3 1/2-1/2

[Event "XXVII Festival Conca della Presolana A"]
[Site "Bratto - Castione della Presolana ITA"]
[Date "2007.08.26"]
[Round "4"]
[White "Bove, Alessandro"]
[Black "Gallucci, Alessio"]
[Result "0-1"]
[WhiteElo "2173"]
[BlackElo "2006"]
[PlyCount "118"]
[EventDate "2007.08.23"]

1. d4 Nf6 2. c4 c5 3. d5 b5 4. Nf3 bxc4 5. Nc3 d6 6. e4 g6 7. h3 Bg7 8. Bxc4
O-O 9. O-O Nbd7 10. Bf4 Nb6 11. Be2 a5 12. Qd2 Ba6 13. Bxa6 Rxa6 14. Rfe1 Qa8
15. Rad1 a4 16. e5 Nc4 17. Qe2 dxe5 18. Qxc4 exf4 19. Rxe7 a3 20. b3 Ne8 21.
Ne4 Nd6 22. Nxd6 Rxd6 23. Qxc5 Qd8 24. Ra7 Bb2 25. Ng5 Qb8 26. Ne4 Rdd8 27. Rc7
Rfe8 28. Nd6 Rxd6 29. Qxd6 Be5 30. Qc6 Bxc7 31. d6 Rd8 32. d7 Qb6 33. Qc1 Bd6
34. Qc8 Qc7 35. Qxd8+ Qxd8 36. Rxd6 Kf8 37. f3 Ke7 38. Rd4 g5 39. Kf1 Kf6 40.
b4 Ke7 41. Ke2 f6 42. Kd1 h6 43. Kc2 Qc7+ 44. Kb3 Kd8 45. Rd1 Qc6 46. Rd2 Qc1
47. Rc2 Qb1+ 48. Kc3 Kxd7 49. Kd2 Qxb4+ 50. Ke2 Kd6 51. Rd2+ Ke5 52. Rc2 h5 53.
Rd2 f5 54. Rc2 g4 55. Rd2 Qc5 56. Kf1 Qc1+ 57. Ke2 Qg1 58. Kd3 Qe3+ 59. Kc2
gxh3 0-1

[Event "XXVII Festival Conca della Presolana A"]
[Site "Bratto - Castione della Presolana ITA"]
[Date "2007.08.26"]
[Round "4"]
[White "Bracaglia, Carlo"]
[Black "Radice, Luca"]
[Result "1/2-1/2"]
[WhiteElo "2134"]
[BlackElo "2056"]
[PlyCount "86"]
[EventDate "2007.08.23"]

1. e4 e6 2. d4 d5 3. e5 c5 4. c3 Nc6 5. Nf3 Bd7 6. Be2 f6 7. Nbd2 Qc7 8. O-O
fxe5 9. Nxe5 Nxe5 10. dxe5 Qxe5 11. Nf3 Qc7 12. Ng5 Nf6 13. Re1 Be7 14. Bf3 O-O
15. Nxe6 Bxe6 16. Rxe6 Rad8 17. Qe2 Rd7 18. Bg5 d4 19. cxd4 cxd4 20. Rd1 Ng4
21. Bxg4 Bxg5 22. Re8 Rd8 23. Be6+ Kh8 24. Rxf8+ Rxf8 25. Rxd4 Qc1+ 26. Rd1 Qc6
27. Bd5 Qb6 28. g3 Bf6 29. Kg2 Bd4 30. f3 Qf6 31. b3 b6 32. Qe4 Bc5 33. Rd2 Qa1
34. b4 Qg1+ 35. Kh3 Be3 36. Rc2 Bh6 37. Qe7 Qf1+ 38. Kg4 g6 39. Rc7 Rf4+ 40.
gxf4 Qg2+ 41. Kh4 Qxh2+ 42. Kg4 Qg2+ 43. Kh4 Qh2+ 1/2-1/2

[Event "XXVII Festival Conca della Presolana A"]
[Site "Bratto - Castione della Presolana ITA"]
[Date "2007.08.26"]
[Round "4"]
[White "Brun, Dario"]
[Black "Brunello, Marina"]
[Result "1/2-1/2"]
[WhiteElo "2207"]
[BlackElo "1947"]
[PlyCount "114"]
[EventDate "2007.08.23"]

1. d4 d5 2. c4 e6 3. Nc3 Nf6 4. Bg5 Nbd7 5. e3 Be7 6. Nf3 O-O 7. Qc2 c5 8.
O-O-O dxc4 9. Bxc4 a6 10. dxc5 Qc7 11. Ne4 Re8 12. Bf4 Qa5 13. Nd6 Bxd6 14.
cxd6 b5 15. Bb3 Bb7 16. Qd2 Qb6 17. Kb1 a5 18. Bc2 a4 19. Qd4 Qa5 20. Ne5 b4
21. Bd3 Rec8 22. Rc1 Bd5 23. e4 Bb7 24. f3 Rab8 25. g4 Nxe5 26. Bxe5 Nd7 27.
Bg3 e5 28. Qe3 Ba6 29. Bxa6 Qxa6 30. Rxc8+ Rxc8 31. Qd2 b3 32. Rc1 Rxc1+ 33.
Qxc1 Qd3+ 34. Ka1 Qc2 35. Qb1 Qd2 36. Qe1 Qxd6 37. Bf2 Nb6 38. Bxb6 Qxb6 39.
Qd1 g6 40. Kb1 Qe3 41. h4 Kf8 42. Qd6+ Kg8 43. Qb8+ Kg7 44. Qxe5+ Kg8 45. axb3
axb3 46. Qc3 Qg1+ 47. Qc1 Qb6 48. Qc8+ Kg7 49. Qc3+ Kg8 50. h5 Qb5 51. Qc8+ Kg7
52. Qc3+ Kf8 53. Kc1 Qf1+ 54. Kd2 Qf2+ 55. Kd1 Qf1+ 56. Kd2 Qf2+ 57. Kd1 Qf1+
1/2-1/2

[Event "XXVII Festival Conca della Presolana A"]
[Site "Bratto - Castione della Presolana ITA"]
[Date "2007.08.26"]
[Round "4"]
[White "Bruno, Fabio"]
[Black "Jaracz, Pawel"]
[Result "0-1"]
[WhiteElo "2443"]
[BlackElo "2495"]
[PlyCount "106"]
[EventDate "2007.08.23"]

1. d4 Nf6 2. Nf3 e6 3. e3 c5 4. Bd3 Nc6 5. O-O b6 6. c3 Be7 7. Nbd2 d5 8. Qe2
O-O 9. Re1 a5 10. dxc5 bxc5 11. e4 Re8 12. e5 Nd7 13. Nf1 Qb6 14. Bg5 Ba6 15.
Bxa6 Qxa6 16. Qd2 Bf8 17. Ng3 Rab8 18. Nh5 a4 19. b3 Rb7 20. c4 dxc4 21. Qf4
cxb3 22. axb3 Rb4 23. Qg3 Kh8 24. Bd2 Rxb3 25. Qf4 Kg8 26. Rxa4 Qd3 27. Rae4
Rb1 28. Rxb1 Qxb1+ 29. Re1 Qc2 30. h3 Rb8 31. Re4 h6 32. Be3 Ne7 33. Qg4 Ng6
34. Rc4 Qd3 35. Rc1 Rb1 36. Rxb1 Qxb1+ 37. Kh2 Ndxe5 38. Nxe5 Nxe5 39. Qa4 Qb7
40. Qe8 Qc6 41. Qxc6 Nxc6 42. g4 c4 43. Kg2 c3 44. Nf4 Ba3 45. Nd3 Nb4 46. Nxb4
Bxb4 47. Bc1 f5 48. Kf3 Kh7 49. gxf5 exf5 50. Kf4 Kg6 51. Ke5 Bc5 52. f3 Bf2
53. Kd5 Be1 0-1

[Event "XXVII Festival Conca della Presolana A"]
[Site "Bratto - Castione della Presolana ITA"]
[Date "2007.08.26"]
[Round "4"]
[White "Campomori, Bruno"]
[Black "Reduzzi, Maurizio"]
[Result "1-0"]
[WhiteElo "2043"]
[BlackElo "2105"]
[PlyCount "49"]
[EventDate "2007.08.23"]

1. e4 c5 2. Nf3 e6 3. d4 cxd4 4. Nxd4 a6 5. Nc3 b5 6. Be3 Bb7 7. f3 Nf6 8. a3
Nc6 9. Qd2 Rc8 10. Qf2 Qc7 11. Nb3 d6 12. Bd3 Be7 13. Bb6 Qb8 14. f4 Nd7 15.
Be3 Bf6 16. O-O O-O 17. Rad1 b4 18. axb4 Nxb4 19. e5 Nxd3 20. Rxd3 Be7 21. exd6
Bf6 22. Na4 Be4 23. Rd2 Bd5 24. Nbc5 Nxc5 25. Bxc5 1-0

[Event "XXVII Festival Conca della Presolana A"]
[Site "Bratto - Castione della Presolana ITA"]
[Date "2007.08.26"]
[Round "4"]
[White "Canova, Luca"]
[Black "Qendro, Llambi"]
[Result "0-1"]
[WhiteElo "2082"]
[BlackElo "2386"]
[PlyCount "82"]
[EventDate "2007.08.23"]

1. e4 g6 2. d4 Bg7 3. Nc3 c6 4. Nf3 d6 5. Be3 Qb6 6. Qd2 Qxb2 7. Rb1 Qa3 8. Be2
Qa5 9. O-O Nd7 10. Rb3 Ngf6 11. h3 O-O 12. Bh6 e5 13. Bxg7 Kxg7 14. Nh2 Re8 15.
Ng4 exd4 16. Qxd4 Qc5 17. Qd2 Nxg4 18. Bxg4 Nb6 19. Bxc8 Raxc8 20. Rd1 Nc4 21.
Qd4+ Qxd4 22. Rxd4 b5 23. a4 a6 24. f3 f5 25. exf5 gxf5 26. Kf2 Re5 27. Ne2
Rce8 28. Nf4 Re1 29. axb5 axb5 30. Rbd3 Rc1 31. c3 d5 32. Kg3 Kf7 33. Kh4 Rc2
34. g4 Ne5 35. Kg5 Nxd3 36. Rxd3 fxg4 37. fxg4 Rf2 38. Nh5 Re6 39. Ng3 h6+ 40.
Kh4 Kg6 41. Nh5 Re5 0-1

[Event "XXVII Festival Conca della Presolana A"]
[Site "Bratto - Castione della Presolana ITA"]
[Date "2007.08.26"]
[Round "4"]
[White "Capece, Adolivio"]
[Black "Andreolini, Mauro"]
[Result "1/2-1/2"]
[WhiteElo "2049"]
[BlackElo "2219"]
[PlyCount "57"]
[EventDate "2007.08.23"]

1. Nf3 d5 2. g3 Nf6 3. Bg2 e6 4. d4 Be7 5. Nbd2 O-O 6. Ne5 b6 7. O-O Bb7 8. c3
c5 9. Ndf3 Nc6 10. Nxc6 Bxc6 11. Ne5 Bb7 12. Bf4 Nd7 13. Qd3 Nxe5 14. dxe5 Qc7
15. h4 Rfd8 16. Rac1 Rac8 17. Rfd1 a6 18. Qc2 Rd7 19. e4 Rcd8 20. exd5 Bxd5 21.
Bxd5 Rxd5 22. Rxd5 Rxd5 23. Qa4 Qc8 24. c4 Rd8 25. Rd1 Rxd1+ 26. Qxd1 b5 27. b3
Kf8 28. Qd3 g6 29. cxb5 1/2-1/2

[Event "XXVII Festival Conca della Presolana A"]
[Site "Bratto - Castione della Presolana ITA"]
[Date "2007.08.26"]
[Round "4"]
[White "Capurro, Giuliano"]
[Black "Tommaselli, Giacomo"]
[Result "1/2-1/2"]
[WhiteElo "2139"]
[BlackElo "2030"]
[PlyCount "154"]
[EventDate "2007.08.23"]

1. e4 d5 2. exd5 Qxd5 3. Nc3 Qa5 4. Nf3 c6 5. d4 Nf6 6. Bc4 Bf5 7. O-O e6 8.
Re1 Bb4 9. Bd2 O-O 10. a3 Bxc3 11. Bxc3 Qc7 12. Nh4 Bg4 13. Qd2 Nd5 14. Qg5 Qf4
15. Qxf4 Nxf4 16. Re4 g5 17. f3 Bh5 18. g4 Bg6 19. Nxg6 Nxg6 20. Bd2 b5 21. Bb3
h6 22. f4 gxf4 23. Bxf4 Nxf4 24. Rxf4 Nd7 25. Raf1 Nb6 26. c3 Nd5 27. Re4 Rae8
28. Rf3 Kg7 29. Re5 Rh8 30. h3 Kf8 31. Kh2 Ke7 32. Re2 Reg8 33. a4 a6 34. axb5
axb5 35. Bc2 Ra8 36. Ref2 Rhf8 37. Be4 f6 38. b3 Ra6 39. c4 Nb4 40. cxb5 cxb5
41. Rc3 Rd6 42. Rc7+ Rd7 43. Rc5 Rxd4 44. Re2 Rfd8 45. Rxb5 Nd5 46. Bxd5 R8xd5
47. Rb7+ Rd7 48. Rb8 Rd8 49. Rxd8 Rxd8 50. Re3 Rd4 51. Kg3 Kf7 52. Rc3 Kg6 53.
Kf3 f5 54. gxf5+ exf5 55. Kf2 Kg5 56. Ke2 Rb4 57. Kd2 Kf6 58. Rc6+ Ke5 59. Kc2
h5 60. Rc5+ Ke4 61. Rc8 h4 62. Kc3 Rb7 63. Rc4+ Ke3 64. Rxh4 f4 65. Rh8 f3 66.
Re8+ Kf4 67. Rf8+ Kg3 68. b4 f2 69. Kc4 Kg2 70. Kc5 f1=Q 71. Rxf1 Kxf1 72. b5
Kg2 73. h4 Kg3 74. Kc6 Rb8 75. h5 Kg4 76. b6 Kxh5 77. Kc7 Rxb6 1/2-1/2

[Event "XXVII Festival Conca della Presolana A"]
[Site "Bratto - Castione della Presolana ITA"]
[Date "2007.08.26"]
[Round "4"]
[White "Carosso, Andrea"]
[Black "Poletti, Fausto"]
[Result "1/2-1/2"]
[WhiteElo "2046"]
[BlackElo "2012"]
[PlyCount "90"]
[EventDate "2007.08.23"]

1. c4 g6 2. Nc3 Bg7 3. d4 Nf6 4. g3 d6 5. Bg2 c6 6. h3 O-O 7. Nf3 Qc7 8. e4 e5
9. O-O Nbd7 10. Re1 Rd8 11. d5 c5 12. a4 Nf8 13. a5 Ne8 14. Nb5 Qe7 15. Bg5 f6
16. Bd2 a6 17. Nc3 f5 18. Na4 Nd7 19. Ng5 Nc7 20. exf5 gxf5 21. h4 Rb8 22. Bc3
h6 23. Nh3 Qf7 24. Bf3 Nf6 25. Nb6 Rf8 26. Nxc8 Rbxc8 27. Kh1 Nce8 28. Rg1 Kh8
29. Rg2 Rg8 30. Ra3 Rc7 31. Rb3 Bf8 32. Rb6 Kh7 33. Qc2 Qg6 34. Be2 Ng4 35. Bd3
Ng7 36. Qb3 Qf7 37. Bd2 Nh5 38. Kg1 e4 39. Be2 Ngf6 40. Nf4 Nxf4 41. Bxf4 Rd7
42. Qc2 Nh5 43. Bd2 Nf6 44. b4 cxb4 45. Bxb4 Ng4 1/2-1/2

[Event "XXVII Festival Conca della Presolana A"]
[Site "Bratto - Castione della Presolana ITA"]
[Date "2007.08.26"]
[Round "4"]
[White "Castelfranchi, Carlo"]
[Black "Madiai, Federico"]
[Result "1-0"]
[WhiteElo "2114"]
[BlackElo "2044"]
[PlyCount "133"]
[EventDate "2007.08.23"]

1. e4 e5 2. Nf3 Nc6 3. Bb5 Nf6 4. O-O Nxe4 5. d4 Be7 6. Re1 Nd6 7. dxe5 Nxb5 8.
a4 d6 9. e6 fxe6 10. axb5 Nb8 11. Nd4 e5 12. Qh5+ g6 13. Qh6 Bf8 14. Qe3 Bg7
15. Nf3 O-O 16. Rxa7 Rxa7 17. Qxa7 Nd7 18. Qa2+ Kh8 19. Ng5 Qf6 20. Be3 Nc5 21.
Nc3 h6 22. b4 Ne6 23. Nd5 Qd8 24. Ne4 Nf4 25. b6 c6 26. Nc7 Nxg2 27. Kxg2 Qh4
28. Ng3 Qh3+ 29. Kg1 Bg4 30. Qc4 Bf3 31. Qf1 Qg4 32. h3 Qxb4 33. Ne6 Rf7 34.
Nxg7 Kxg7 35. Kh2 d5 36. Rb1 Qh4 37. c3 d4 38. cxd4 exd4 39. Qc4 c5 40. Bd2 Bg4
41. Kg1 Qxh3 42. Rc1 Bf3 43. Qf1 Qe6 44. Rxc5 Qxb6 45. Qc4 Qb1+ 46. Bc1 Bc6 47.
Qxd4+ Kh7 48. Kh2 Qa2 49. Bb2 Qa8 50. Nh5 Qb8+ 51. Kg1 Qc8 52. Rxc6 bxc6 53.
Nf6+ Kg7 54. Ne8+ Kf8 55. Nd6 Qe6 56. Nxf7 Kxf7 57. Qg7+ Ke8 58. Qxh6 Qe1+ 59.
Kg2 Qe4+ 60. Kg3 Qc2 61. Qe3+ Kd7 62. Bd4 Qf5 63. Qe5 Qd3+ 64. f3 Qb1 65. Bc5
Qd3 66. Qe7+ Kc8 67. Bb6 1-0